000 00443nam a2200169Ia 4500
005 20250423101001.0
008 250422s9999 xx 000 0 und d
020 _a013688590X
050 _aHA 32 .S7687/
245 0 _aSPSS Base 8.0 user's guide
260 _aChicago
260 _bSPSS Inc.
260 _cc1998
300 _a701 p
650 _aSPSS (Computer file) Social sciences_Statistical methods_Computer programs.
942 _cBK
999 _c34936
_d34936